000 00769nam a2200289 a 4500
001 UByD002514
003 AR-LpoUNG
005 20240311105303.0
008 240311s2006||||mx |||||||||||||||||spa d
020 _a8483326590
040 _aAR-LpoUNG
_bspa
_eaacr
041 _aspa
044 _amx
082 0 _aR510 79dic
100 1 _aEstévez André, Agustín
245 1 0 _aDiccionario esencial matemáticas
260 _aMéxico, D.F. :
_bLarousse,
_c2006.
300 _a407 p. :
_bgráfs.
505 2 _aIncluye un apéndice de abreviaturas y símbolos.
650 4 _aMATEMATICAS
650 4 _aDICCIONARIOS
650 4 _aMATERIAL DE REFERENCIA
650 4 _aTERMINOLOGIA
700 1 _aGuash Pedrola, Josep M.
905 _a5294
942 _cLSALA
_2ddc
999 _c65038
_d65038